Estadísticas para Países con la Elevación Promedia más Alta

Haz click aquí para tomar la prueba!

Estadísticas generales

  • Esta prueba ha sido tomada 755 veces
  • La puntuación promedio es 12 de 20

Estadísticas de respuestas

Elevación Promedia País % Correcto
3265 mNepal
95%
1192 mBolivia
91%
1555 mPerú
89%
1871 mChile
88%
1350 mSuiza
86%
1840 mChina
84%
3280 mBután
80%
1528 mMongolia
75%
1884 mAfganistán
65%
2988 mKirguistán
63%
3186 mTayikistán
61%
1792 mArmenia
58%
1432 mGeorgia
58%
1305 mIrán
55%
1996 mAndorra
49%
1330 mEtiopía
34%
1504 mBurundi
32%
1598 mRuanda
32%
2161 mLesoto
23%
1250 mLíbano
15%

Distribución de puntuación

Porcentaje por número respondido

Porcentaje de gente con cada puntuación

Historial de tus puntuaciones

No has tomado esta prueba